=LDR 00000nam 2200000 4500 =001 NUTBA000000000004790 =005 20141002131317.0 =006 =007 =008 =020 ##$$a 978-979-336-715-6 =035 ##$$a 0010-101400000000020 =082 ##$$a 028.55 =100 ##$$a nurbayati =245 ##$$a islam for kids =250 ##$$a cet.2 =260 ##$$a bandung, 2008 $b oase publishing house $c 2008 =300 ##$$a 77 hlm $b ilus $c 27 cm =850 ##$$a NBPNMAT =990 ##$$a 0001/BPAP-NTB/20142014